Statistics for Henry Stickmin Collection - Breaking The Bank Characters Name

Click here to take the quiz!

General Stats

  • This quiz has been taken 15 times
  • The average score is 3 of 5

Answer Stats

BTB Bio DescriptionCharacter's First Name and Last Name% Correct
He's short on cash so it's time to get some. (Not to be confused with (First name) StickmanHenry Stickmin
100%
He always rides shotgun in the bank truck. He prefers looking at the scenery, rather than focusing on the road.Winston Davis
62%
Fresh out of college. Guarding a bank sounds awesome! Unfortunately, this job happens to be in the middle of nowhere.Chad Hansen
54%
(Character)'s been working as a guard at this bank (vault) for 5 years now. He loves the badass look of the uniform.Philly Colin
54%
The driver of the bank truck. He and (Other Character) have been partners for many years. Ted has always been the driver.Ted McAdams
54%

Score Distribution

Percentile by Number Answered

Percent of People with Each Score

Your Score History

You have not taken this quiz